Inflation report - july 2006 Czech National Bank

Na minha lista:
Detalhes bibliográficos
Formato: Livro
Idioma:inglês
Publicado em: Praha Czech National Bank 2006
Assuntos:
Tags: Adicionar Tag
Sem tags, seja o primeiro a adicionar uma tag!

MARC

LEADER 00000nam$a2200000$$$4500
001 0053112
005 20240315114500.3
041 0 |a eng 
044 |a CZ 
245 1 0 |a Inflation report - july 2006  |b Czech National Bank 
264 1 |a Praha  |b Czech National Bank  |c 2006 
300 |a 68 s. 
610 2 0 |a banky 
610 2 0 |a bankovníctvo 
610 2 0 |a inflácia 
610 2 0 |a politika menová 
610 2 0 |a bilancia platobná 
610 2 0 |a vývoj menový 
610 2 0 |a dopyt 
610 2 0 |a ponuka 
610 2 0 |a trh práce 
610 2 0 |a ceny dovozné 
610 2 0 |a ceny výrobcov 
610 2 0 |a makroekonomika 
610 2 0 |a prognózy 
610 2 0 |a rady správne 
610 2 0 |a údaje štatistické 
610 2 0 |a Česko 
610 2 0 |a júl 
610 2 0 |a 2006